Catálogo

[SEGUNDO] 2ø COLOQUIO DEL SEMINARIO DE ESTUDIO DEL : (Registro nro. 21940)

Detalles MARC
000 -LEADER
fixed length control field 00537nam a2200169 a 4500
001 - CONTROL NUMBER
control field 21940
005 - DATE AND TIME OF LATEST TRANSACTION
control field 20180713215754.0
008 - FIXED-LENGTH DATA ELEMENTS--GENERAL INFORMATION
fixed length control field 140415s1997 000 0 spa d
020 ## - INTERNATIONAL STANDARD BOOK NUMBER
International Standard Book Number 9683648096
041 ## - LANGUAGE CODE
Language code of text/sound track or separate title spa
082 ## - DEWEY DECIMAL CLASSIFICATION NUMBER
Classification number 726.6472
Item number SEG
245 00 - TITLE STATEMENT
Title [SEGUNDO] 2ø COLOQUIO DEL SEMINARIO DE ESTUDIO DEL :
Remainder of title PATRONATO ARTISTICO CONSERVACION, RESTAURACION Y DEFEN...
260 ## - PUBLICATION, DISTRIBUTION, ETC.
Place of publication, distribution, etc. [s.l.] :
Name of publisher, distributor, etc. UNAM,
Date of publication, distribution, etc. 1997
300 ## - PHYSICAL DESCRIPTION
Extent 189
490 ## - SERIES STATEMENT
Series statement ESTUDIOS DE ARTE Y ESTETICA
Volume/sequential designation 40
650 14 - SUBJECT ADDED ENTRY--TOPICAL TERM
Topical term or geographic name entry element CATEDRALES
General subdivision RESTAURACION
-- MEXICO
Existencias
Withdrawn status Lost status Source of classification or shelving scheme Damaged status Not for loan Collection code Home library Current library Shelving location Date acquired Source of acquisition Inventory number Total Checkouts Full call number Barcode Date last seen Price effective from Koha item type
    Dewey Decimal Classification     General Biblioteca Karol Wojtyla Biblioteca Karol Wojtyla Sala general 03/12/2013 Compra 151000000000000000027430   726.6472 SEG 42367 05/01/2026 03/12/2013 Libro